| 000 | 00511nam a2200169Ia 4500 | ||
|---|---|---|---|
| 005 | 20250923145825.0 | ||
| 008 | 008 250917s9999 xx 000 0 eng d | ||
| 037 | _aTextual | ||
| 040 |
_aDSWL _beng _cDSWL |
||
| 041 |
_aeng _2eng |
||
| 084 |
_az2N90 - N89t5, N89 _qDSWL |
||
| 245 | 0 |
_aAnnual plan, 1989-90 _cby Planning commission |
|
| 260 |
_aNew Delhi _bPlanning commision Govt. of India _c1989 |
||
| 300 | _a404p. | ||
| 942 |
_cTEXL _hz2N90 - N89t5, N89 |
||
| 999 |
_c1456145 _d1456145 |
||